Cities and Municipalities in Central Luzon, Philippines - Statistics

General Stats
  • This quiz has been taken 478 times
  • The average score is 67 of 130
Answers on the Map
Answers color-coded by a green-red scale on the quiz's map according to % correct below.
 
Answer Stats
Class Answer % Correct
HUC Angeles City
84%
CC | Mun San Jose
83%
CC San Fernando
82%
Mun Baler
80%
CC Malolos
79%
CC Tarlac City
79%
HUC Olongapo
77%
Mun Subic
76%
Mun Bulakan
74%
CC Cabanatuan
70%
CC Gapan
70%
Mun Iba
70%
CC San Jose del Monte
70%
Mun Mariveles
69%
CC Balanga
67%
CC Mabalacat
67%
CC Meycauayan
66%
CC Palayan
66%
Mun Mexico
64%
Mun Bamban
63%
Mun Bocaue
63%
Mun Doña Remedios Trinidad
63%
Mun Porac
63%
Mun San Miguel
63%
Mun Santa Maria
63%
Mun Dingalan
62%
Mun Floridablanca
62%
Mun Arayat
61%
CC Baliwag
61%
Mun Marilao
60%
CC Muñoz
59%
Mun Norzagaray
59%
Mun Casiguran
58%
Mun Guiguinto
58%
Mun Hagonoy
58%
Mun Obando
57%
Mun San Antonio
57%
Mun Angat
56%
Mun Maria Aurora
56%
Mun San Luis
56%
Mun Macabebe
55%
Mun San Ildefonso
55%
Mun Apalit
54%
Mun Bustos
54%
Mun Capas
54%
Mun Concepcion
54%
Mun Lubao
54%
Mun Plaridel
54%
Mun Balagtas
53%
Mun Candaba
53%
Mun Dinalupihan
53%
Mun Calumpit
52%
Mun Guagua
52%
Mun Morong
52%
Mun Orion
52%
Mun Pandi
52%
Mun Pulilan
52%
Mun Rizal
52%
Mun San Rafael
52%
Mun Talavera
52%
Mun Magalang
51%
Mun Orani
51%
Mun Castillejos
50%
Mun Paniqui
50%
Mun Paombong
50%
Mun Santa Rosa
50%
Mun Sasmuan
50%
Mun Bagac
49%
Mun Botolan
49%
Mun Quezon
49%
Mun Santa Rita
49%
Mun Bacolor
48%
Mun Hermosa
48%
Mun Pantabangan
48%
Mun San Narciso
48%
Mun Dipaculao
47%
Mun Masantol
47%
Mun Zaragoza
47%
Mun Abucay
46%
Mun Limay
46%
Mun Samal
46%
Mun San Simon
46%
Mun Victoria
46%
Mun General Tinio
45%
Mun Santa Ana
45%
Mun Camiling
43%
Mun Gabaldon
43%
Mun Jaen
43%
Mun San Leonardo
43%
Mun San Marcelino
43%
Mun Santa Cruz
43%
Mun Santa Ignacia
43%
Mun Santo Tomas
43%
Mun Cuyapo
42%
Mun Dilasag
42%
Mun Aliaga
41%
Mun Gerona
41%
Mun Pura
41%
Mun San Felipe
41%
Mun San Isidro
41%
Mun Bongabon
40%
Mun Guimba
40%
Mun Llanera
40%
Mun Moncada
40%
Mun Candelaria
39%
Mun Carranglan
39%
Mun Dinalungan
39%
Mun General Mamerto Natividad
39%
Mun La Paz
39%
Mun Pilar
39%
Mun Ramos
39%
Mun Anao
37%
Mun Cabiao
37%
Mun Minalin
37%
Mun Peñaranda
37%
Mun Masinloc
35%
Mun Mayantoc
35%
Mun Laur
33%
Mun Cabangan
32%
Mun Licab
32%
Mun Palauig
32%
Mun San Clemente
32%
Mun San Manuel
31%
Mun Talugtug
31%
Mun Lupao
30%
Mun Nampicuan
30%
Mun Santo Domingo
30%
No matching quizzes found
Score Distribution
Percent of People with Each Score
Percentile by Number Answered
Your Score History
You have not taken this quiz